Význam rozvoja zahraničného obchodu Slovinska pri zapájaní sa do EÚ a možnosti spolupráce so Slovenskom

Ekonomická a medzinárodná obchodná politika Slovinska. Využitie pozitívnych vplyvov medzinárodného obchodu pre vlastný rozvoj a začlenenie sa do EÚ. Možnosti spolupráce so Slovenskom.

Saved in:
Bibliographic Details
Main Author: Drofenik, Jožef
Format: Book Chapter
Language:Slovak
Subjects:
Tags: Add Tag
No Tags, Be the first to tag this record!

MARC

LEADER 00000naa a2200000 4500
001 r037098
005 20230808083657.2
041 0 |a slo 
044 |a SK 
245 1 0 |a Význam rozvoja zahraničného obchodu Slovinska pri zapájaní sa do EÚ a možnosti spolupráce so Slovenskom  |c Jožef Drofenik 
520 |a Ekonomická a medzinárodná obchodná politika Slovinska. Využitie pozitívnych vplyvov medzinárodného obchodu pre vlastný rozvoj a začlenenie sa do EÚ. Možnosti spolupráce so Slovenskom. 
610 2 0 |a spolupráca hospodárska medzinárodná 
610 2 0 |a obchod zahraničný 
610 2 0 |a Slovinsko 
610 2 0 |a Slovensko 
610 2 0 |a situácia hospodárska 
610 2 0 |a ukazovatele ekonomické 
610 2 0 |a politika obchodná 
100 1 |a Drofenik, Jožef